000 00833cab a2200217 4500
001 X3889
008 090401t1997 xxu||||| |||| 00| 0 eng d
035 _a(Sirsi) u33597
041 _aeng
245 _aSunflower Services Ltd v Unisys New Zealand Ltd
260 _c1997
350 _a0
490 _aNew Property Cases
_v[1997] NPC 21 (2)
520 _aPC 11 February 1997. An agreement between landlord and tenant to remove a `ratchet clause` from a rent review provision does not by implication generate a new obligation on the landlord to hold such a review. HEADNOTE FROM JOURNAL - NOT TO BE PHOTOCOPIED.
650 _aRATCHET CLAUSE
650 _aRENT REVIEWS
650 _aSUNFLOWER SERVICES LTD V UNISYS NEW ZEALAND LTD
690 _aLANDLORD AND TENANT-CASE LAW-RENT REVIEWS
942 _n0
948 _c04/03/1997
999 _c22419
_d22419